| 000 | 00853nam a2200289 a 4500 | ||
|---|---|---|---|
| 003 | AR-BaBNM | ||
| 005 | 20251128205544.0 | ||
| 008 | 082120s2002 ||||||||||||||000 | spa|| | ||
| 020 | _a84-85950-59-3 | ||
| 040 | _cAR-BaBNM | ||
| 245 | 0 | 0 |
_aDiccionario literario _bapéndice de obras : 1977-1987 : M - Z. 4 |
| 260 |
_aBarcelona _bHora _c1989 |
||
| 300 |
_ap. 526-1108 _bil. |
||
| 500 | _aContiene índice de autores en p. 969 | ||
| 500 | _aIndice de títulos originales en p. 1053 | ||
| 650 | 4 | _aDICCIONARIOS | |
| 650 | 4 | _aESCRITORES | |
| 650 | 4 | _aOBRAS LITERARIAS | |
| 655 | _aREFERENCIA | ||
| 700 | 1 |
_aBompiani, Valentino _eeditor |
|
| 700 | 1 |
_aCantieri, Giovanni _edirector |
|
| 700 | 1 |
_aRojas, Carlos _ecolaborador |
|
| 700 | 1 |
_aHuguet, Dolores _etraductor |
|
| 700 | 1 |
_aPlanell, Carlos _eilustrador |
|
| 942 | _cBK | ||
| 998 | _cMARTIN | ||
| 999 |
_c11867 _d11867 |
||